[Event "FIDE World Cup-D (Women)"]
[Site "Shenyang"]
[Date "2000.09.03"]
[Round "3"]
[White "Xie, Jun"]
[Black "Wang, Lei"]
[Result "1-0"]
[WhiteElo "2568"]
[BlackElo "2498"]
[Annotator "Gofshtein,L"]
[PlyCount "51"]
[EventDate "2000.09.01"]
[EventType "tourn"]
[EventRounds "5"]
[EventCountry "CHN"]
[EventCategory "8"]
[SourceTitle "CBM 079"]
[Source "ChessBase"]
[SourceDate "2000.11.21"]
[SourceVersion "1"]
[SourceVersionDate "2000.11.21"]
[SourceQuality "1"]

1. e4 c5 2. Nf3 Nc6 3. d4 cxd4 4. Nxd4 Nf6 5. Nc3 d6 6. Bg5 e6 7. Qd2 a6 8.
O-O-O h6 9. Be3 Be7 10. f4 Nxd4 11. Bxd4 b5 12. Kb1 Bb7 13. Bd3 O-O 14. e5 dxe5
15. fxe5 Nd7 16. Ne4 Bxe4 17. Bxe4 Rb8 18. c3 (18. Ba7 Nxe5 19. Qc3 Bd6 20. Qd4
Bc7 21. Qc5 Qc8 22. Rhe1 (22. g3 Nc4 23. Bxb8 Qxb8 24. c3 $14 Rc8 25. Rhf1 Bd6
26. Qf2 {1/2-1/2 Svidler,P-Ionov,S/ch-city, St Petersburg RUS 1997 (72)}) 22...
Nc4 23. Bxb8 Qxb8 24. g3 Be5 25. c3 $14 Rc8 26. Qe7 b4 27. Qxb4 Qc7 28. Qb7
Na3+ 29. Kc1 (29. Ka1 Nc2+ 30. Kb1 Na3+ 31. Kc1 Bf4+ 32. gxf4 Qxf4+ 33. Rd2 Rd8
34. Red1 Rxd2 35. Rxd2 {1/2-1/2 Landeiro Ribeiro,L-Kobler,M/Aviles ESP 2000/
The Week in Chess 303 (35)}) 29... Bf4+ 30. gxf4 Qxf4+ 31. Rd2 Rd8 32. Red1
Rxd2 33. Rxd2 {see comments to the game 1/2-1/2 Shirov,A-Kramnik,V/Linares
1997/CBM 57 (33) [Shirov,A] 1/2-1/2 Zarkovic,D-Stajic,S/Vrnjacka Banja YUG
1999/ (33)}) 18... Qc7 19. Bc2 Rfd8 20. Rhf1 $146 (20. Qf4 Nf8 21. Rhf1 Bg5 22.
Qf2 Rd7 {see comments to the game 1/2-1/2 Kasparov,G-Kramnik,V/Novgorod 1997/
CBM 60 (41) [Gofshtein,L]}) 20... Nc5 $4 $18 {[%mdl 16384] Terrible move. In
this type of position, with opposite castles, the factor of time is very
important. Whites attack will be developed by itself without any counterplay
of Black.} ({It was necessary to play} 20... Nxe5 $1 {This position must be
studied well for those who use this line. The evaluation of whole opening
variation is up to this position.} 21. Qf4 Bd6 22. Qe4 Ng6 (22... g6 $44) 23.
Qg4 Ne5 24. Qe4 $11) 21. Rf3 $1 {[%cal Gf3g3]} Bf8 ({Hopeless also} 21... Qb7
22. b4 Na4 23. Qd3 g6 24. Rxf7 $1 Nxc3+ $5 (24... Qxg2 25. Rxe7 $18) 25. Ka1 $1
Qxg2 26. Rxe7 Nxd1 27. Rxe6 $3 {[%cal Ge6g6]} (27. Qxd1 Rbc8 $19) 27... Kh7 28.
Rxg6 $1 $18) ({or} 21... Rd7 22. b4 Bg5 23. Qe1 Na4 24. h4 Bd8 25. Qe4 Kf8 26.
Rdf1 $1 $18) 22. Rdf1 {[%csl Rf7][%cal Gf3f7]} Rd7 23. g4 $1 a5 $6 ({In view
of comments to 20th move it was necessary immediately to begin counter-attack
by} 23... b4 $5 24. cxb4 (24. g5 $6 bxc3 25. Qxc3 hxg5 $15) 24... Rbd8 {
and here White had to find} {[%tqu "En","?","","","d2e3","",10,"b4c5","",0,
"d2e2","",0]} 25. Qe3 $1 (25. bxc5 $2 Rxd4 26. Qe2 R8d7 (26... Bxc5 $2 27. Rxf7
Qxf7 28. Rxf7 Kxf7 29. Qf3+ Ke7 30. Bb3 $18 {[%csl Re6,Re7][%cal Gf3c6]}) 27.
g5 (27. Bg6 $2 fxg6 28. Rxf8+ Kh7 29. Rc1 R7d5 $132) 27... hxg5 28. c6 (28. Bg6
$6 Rf4 29. Rxf4 gxf4 $15) 28... Qxc6 29. Rxf7 Rxf7 30. Bh7+ Kxh7 31. Qh5+ Kg8
32. Qxf7+ Kh7 33. Qh5+ $11) (25. Qe2 $2 Rxd4 26. bxc5 $132 {-see previous
variation.} (26. Rxf7 $2 Nd7 $1 $17)) 25... Rxd4 26. Rxf7 Qxf7 27. Rxf7 Kxf7
28. Qf3+ Kg8 29. bxc5 Bxc5 30. Qc6 $18 {[%csl Ra6,Rc5,Re6][%cal Ga2a3]}) 24. g5
$1 hxg5 25. Qxg5 b4 {too late...} 26. Bh7+ (26. Bh7+ Kxh7 27. Rh3+ Kg8 28. Qh5
f5 29. exf6 $18) 1-0

[Event "Elgoibar 10th"]
[Site "Elgoibar"]
[Date "2000.??.??"]
[Round "4"]
[White "Korneev, Oleg"]
[Black "Lopez Martinez, Josep Manuel"]
[Result "1-0"]
[WhiteElo "2619"]
[BlackElo "2477"]
[Annotator "Gofshtein,L"]
[PlyCount "69"]
[EventDate "2000.11.28"]
[EventType "tourn"]
[EventRounds "9"]
[EventCountry "ESP"]
[EventCategory "11"]
[SourceTitle "CBM 081"]
[Source "ChessBase"]
[SourceDate "2001.03.20"]
[SourceVersion "1"]
[SourceVersionDate "2001.03.20"]
[SourceQuality "1"]

1. e4 c5 2. Nf3 d6 3. d4 Nf6 4. Nc3 cxd4 5. Nxd4 Nc6 6. Bg5 e6 7. Qd2 Be7 8.
O-O-O Nxd4 9. Qxd4 a6 10. f4 b5 11. Bxf6 (11. Be2 Bb7 12. Bf3 Qc7 13. Bxf6 gxf6
14. f5 Rc8 15. fxe6 fxe6 16. Bg4 Kf7 17. Bh5+ Kg7 18. e5 Rhd8 19. Qg4+ Kh8 20.
exd6 Rxd6 21. Rxd6 Bxd6 22. Qxe6 Be5 $17 {Garcia,Gild-Smirin/New York 1997})
11... gxf6 (11... Bxf6 $2 12. e5 dxe5 (12... Be7 13. exd6 Bf6 14. Qe4 Bd7 15.
Nd5) 13. Qc5 Bd7 14. Nxb5 $1 (14. Bxb5 Rc8 $1) 14... Be7 (14... axb5 15. Rxd7
$1 $18) 15. Nc7+ Kf8 16. Qxe5 $16) 12. e5 (12. f5 Qc7 13. Be2 Qc5 14. fxe6 fxe6
15. Qxc5 dxc5 16. Bh5+ Kf8 17. e5 f5 18. g4 $16 {Short-Yermolinsky/Wijk an Zee
1997}) 12... d5 (12... dxe5 $6 13. Qe4 Bd7 14. Rxd7 (14. fxe5 $5 fxe5 15. Qxe5
Bf6 16. Qe1 $14) 14... Kxd7 15. Bxb5+ axb5 16. Rd1+ Bd6 17. Nxb5 Ke7 $13) (
12... fxe5 13. fxe5 dxe5 14. Qxe5 Bg5+ 15. Kb1 Qf6 16. Qd6 e5 17. Nxb5 $44) 13.
Kb1 (13. f5 $5 $146) 13... Rg8 (13... b4 $2 14. Ne2 a5 15. Ng3 f5 16. Nh5 Rb8
17. g4 fxg4 18. f5 Rg8 19. Nf6+ Bxf6 20. exf6 Qd6 21. Bg2 $16 {Kasparov-Hracek/
Erevan olm 1996}) (13... Bb7 14. f5 fxe5 15. Qxe5 Bf6 16. Qg3 Qe7 17. fxe6 fxe6
18. Be2 h5 $132 {1/2-1/2 Anand,V-Kramnik,V/Wijk aan Zee NED 2000/The Week in
Chess 272(40)}) 14. f5 (14. Ne2 $5 {[%csl Re2,Rh5][%cal Re2g3,Rg3h5]} Bb7 15.
Ng3 fxe5 16. fxe5 Qc7 17. Re1 (17. Bd3 Rg5 18. Rde1 O-O-O $132 {0-1 Kummerow,
H-Mainka,R/Germany 1997/GER-chT (83)}) 17... O-O-O 18. Bd3 $13 {1-0 Peng
Xiaomin-Gurevich,D/Groningen 1996/EXT 98 (42)} h5 $132) (14. Bd3 f5 15. Qf2 Bb7
16. Ne2 h5 (16... Qc7 17. Nd4 Bc5 18. Be2 Qb6 19. Bf3 a5 20. h3 b4 21. g4 fxg4
22. hxg4 a4 $132 {0-1 Jurkiewicz,K-Aarthie,R/Oropesa del Mar 1999/CBM 72 ext 
(32)}) 17. Qf3 $2 (17. Nd4 $5) 17... h4 $132 {0-1 Almasi,Z-Atalik,S/Heraklio
1997/CBM 62/)}) (14. g3 Bb7 15. Bh3 Rc8 16. f5 fxe5 17. Qxe5 Bf6 $132 {0-1
Mainka,R-Gurevich,D/Bad Zwesten 1997/CBM 57 ext (37)}) 14... fxe5 (14... Bd7 $2
15. fxe6 fxe6 16. Be2 Kf8 17. Rhf1 Kg7 18. Rd3 f5 19. g4 $40 {1-0 Garcia,
G-Wunnink,M/Hoogeveen 1998/EXT 99 (28)}) (14... b4 $5 $146 {[%mdl 8]} 15. exf6
$2 (15. Ne2 $5 fxe5 16. Qxe5 Bf6 $132) 15... Bxf6 16. Qxb4 Qc7 17. fxe6 fxe6
$44 {0-1 Saulin,D-Iskusnyh,S/Moscow 1999/CBM 70/)}) 15. Qxe5 Bf6 (15... Qd6 $5
16. Qe3 Bd7 17. f6 Qc5 $13 {1/2-1/2 Unzicker,W-Pelletier,Y/Zuerich 1998/EXT 99
(63)}) 16. Qe3 $5 $146 {[%cal Ye3h6,Ye3a7,Ye3e6][%mdl 12] Strong novelty. Q is
placed on active position e3!} ({Passive is} 16. Qe1 Qe7 $11 17. fxe6 {1/2-1/2
De la Riva Aguado,O-Garcia Ilundain,D/Linares 1998/EXT 99 (17)}) 16... Qe7 17.
fxe6 fxe6 18. Be2 {[%cal Ye2h5][%mdl 128] threatening Bh5.} Rg5 {[%csl Yh5]
[%cal Rg5e5,Rg5h5]} (18... Rxg2 19. Rhf1 $36) 19. Rhf1 $5 {[%cal Yf1f8]} Bb7 $2
{Decisive mistake!} ({Much better is} 19... Bg7 {with possibility of
resistance.}) {[%tqu "En","","","","c3e4","",10] After grandiose} 20. Ne4 $3
$18 {[%mdl 64] White wins by force:} d4 (20... dxe4 21. Qxg5 $1 Bxg5 22. Bh5+
$18) (20... Rg6 21. Nxf6+ Rxf6 22. Rxf6 Qxf6 23. Qb6 {domination!}) 21. Nxf6+
Qxf6 22. Rxd4 Qe5 23. Qf2 Rf5 24. Bf3 Qf6 25. Qe3 Rc8 26. b3 Bxf3 27. Rxf3 Ke7
28. Qd3 Rxf3 29. gxf3 Ke8 30. Rd6 Qe5 31. f4 Qe1+ 32. Kb2 b4 33. Rxa6 Kf8 34.
Qd6+ Kf7 35. Qd7+ 1-0

[Event "EU-chT (Men) 12th"]
[Site "Batumi"]
[Date "1999.12.05"]
[Round "7.3"]
[White "Bauer, Christian"]
[Black "Ivanisevic, Ivan"]
[Result "1-0"]
[WhiteElo "2480"]
[BlackElo "2447"]
[Annotator "Gofshtein,L"]
[PlyCount "63"]
[EventDate "1999.11.06"]
[EventType "team-swiss"]
[EventRounds "9"]
[EventCountry "GEO"]
[SourceTitle "CBM 074"]
[Source "ChessBase"]
[SourceDate "2000.02.01"]
[SourceVersion "1"]
[SourceVersionDate "2000.02.01"]
[SourceQuality "1"]
[WhiteTeam "France"]
[BlackTeam "Yugoslavia"]
[WhiteTeamCountry "FRA"]
[BlackTeamCountry "YUG"]

1. e4 c5 2. Nf3 d6 3. d4 cxd4 4. Nxd4 Nf6 5. Nc3 Nc6 6. Bg5 e6 7. Qd2 a6 8.
O-O-O Nxd4 9. Qxd4 Be7 10. f4 b5 11. Bxf6 gxf6 (11... Bxf6 $2 12. e5 dxe5 13.
Qc5 {[%cal Gc5c6,Rc6a8,Rc6e8]} (13. Qe4 Bd7 14. Rxd7 Kxd7 15. Bxb5+ $18 {
[%cal Gh1d1]}) 13... Bd7 {[%tqu "En","","","","c3b5","",10]} 14. Nxb5 $1 Be7 (
14... axb5 15. Rxd7 $1 $18) 15. Nc7+ Kf8 16. Qxe5 $18) 12. Be2 {other
possibilities in this position are:} (12. Bd3 Qc7 13. Qe3 Qc5 14. Qg3 b4 15.
Ne2 a5 16. Kb1 Kf8 17. Qh3 h5 18. Rc1 $13 {Kasparov-Kramnik,Amsterdam 96}) (12.
f5 Qa5 13. Kb1 b4 14. Ne2 e5 15. Qe3 Bb7 16. Ng3 d5 17. Bd3 O-O-O 18. Qe2 h5
19. exd5 h4 20. Ne4 Rxd5 $11 {Khalifman-Hrachek,Erevan 96}) (12. e5 d5 13. Kb1
Rg8 $5 $13) 12... Rb8 $146 {Acceptable.} (12... Qc7 13. f5 (13. Bf3 Bb7 14. f5
h5 15. Kb1 Qc5 16. Qd2 O-O-O 17. a3 $13 {1/2-1/2 Leko,P-Kramnik,V/Frankfurt
1996/EXT 98 (36)}) (13. Bh5 Qc5 {[%cal Gc5d4,Gc5h5]} 14. Qxc5 dxc5 15. f5 {[#]}
b4 16. Ne2 e5 (16... exf5 17. Bf3 $1 $44) 17. Ng3 (17. b3 Bb7 18. Ng3 c4 19.
bxc4 Bc6 $11) 17... c4 $1 18. Be2 c3 $132 {Black removes the weakness and
opens the position for his bishops.} 19. Bc4 {1/2-1/2 Lautier,J-Pelletier,Y/
Biel 1997/CBM 60/ (41)}) 13... Qc5 14. Qxc5 dxc5 15. fxe6 fxe6 16. Bh5+ Kf8 17.
e5 $1 f5 18. g4 $14 {Palac,M-Smirin,I/Pula 1997/CBM 57 ext (49)}) 13. Bf3 Qb6
14. Qd2 h5 15. Kb1 Bb7 (15... b4 16. Na4 Qa5 17. b3 Bd7 18. Nb2 {[%cal Gb2c4]}
Bb5 19. a4 $16 {[%csl Ra5]}) (15... Bd7 16. e5 fxe5 17. fxe5 d5 18. Rhf1 $14 {
[%cal Gd2f4]}) 16. f5 b4 17. Ne2 (17. Na4 $5 Qb5 18. b3 Rc8 19. Nb2 $14 {
[%cal Gb2c4]}) 17... e5 {[%csl Re2][%cal Ge5d4,Ge5f4,Gb4c3]} 18. Ng3 {[%csl
Rh5][%cal Gg3f1,Gf1e3,Ge3d5]} h4 19. Nf1 Rc8 (19... Bf8 {[%cal Gf8h6]} 20. Ne3
Bh6 21. Nc4 Bxd2 22. Nxb6 Be3 23. Nc4 (23. Rxd6 Bc5 24. Rxf6 Be7 $17) 23... Bd4
24. Nxd6+ Ke7 25. Nxb7 Rxb7 $14 {opposite colour bishops give black good
chanses to hold on the balance.}) 20. Ne3 Rc5 21. Qf2 Rc3 $6 (21... Bd8 22. Rd2
Bc7 23. Rhd1 Ke7 {[%cal Ga6a5]}) 22. Rhe1 d5 $2 23. Ka1 $1 $16 dxe4 24. bxc3
exf3 25. gxf3 bxc3 (25... Bc5 $5 26. Rb1 a5 (26... Rg8 27. Qxh4 Bxe3 28. Qxb4
Qxb4 29. Rxb4 Bd2 30. Rxb7 Bxc3+ 31. Kb1 Bxe1 32. Rb8+ $18) (26... Ke7 {
[%cal Gh8d8]} 27. Rxb4 Bxb4 28. Nd5+ Bxd5 29. Qxb6 Bxc3+ 30. Kb1 Bxe1 31. Qc5+
$18) 27. Qd2 Bxf3 28. Nc4 Qc7 29. Nxe5 fxe5 30. Qf4 $16) 26. Rb1 Qc6 27. Ng4
Bd8 28. Qa7 Bc8 {[%tqu "En","","","","g4e5","",0]} 29. Rb8 (29. Nxe5 $1 fxe5
30. Rxe5+ Kf8 31. Rc5 Qd7 32. Qb8 $18 {[%csl Rc8]}) 29... O-O (29... Bxf5 30.
Rd1 Bc8 31. Qa8 Qxa8 32. Rxa8 $18 {[%csl Rc8,Rd8]}) 30. Rg1 {[%cal Ga7e3,Ge3h6,
Rg4e5] with the mating attack} Qd6 31. Qe3 Qd2 32. Rxc8 1-0

[Event "RUS-ch 54th"]
[Site "Elista"]
[Date "2001.05.07"]
[Round "7"]
[White "Malakhov, Vladimir"]
[Black "Chernyshov, Konstantin"]
[Result "1-0"]
[WhiteElo "2623"]
[BlackElo "2536"]
[Annotator "Gofshtein,L"]
[PlyCount "127"]
[EventDate "2001.04.29"]
[EventType "swiss"]
[EventRounds "9"]
[EventCountry "RUS"]
[SourceTitle "CBM 083"]
[Source "ChessBase"]
[SourceDate "2001.07.05"]
[SourceVersion "1"]
[SourceVersionDate "2001.07.05"]
[SourceQuality "1"]

{[%mdl 4]} 1. e4 c5 2. Nf3 Nc6 3. d4 cxd4 4. Nxd4 Nf6 5. Nc3 d6 6. Bg5 e6 7.
Qd2 a6 8. O-O-O h6 9. Nxc6 $5 bxc6 10. Bf4 (10. Bh4 $5 Be7 11. e5 (11. Bg3)
11... dxe5 12. Qe1 Qa5 13. Bg3 Nd7 14. Bc4 Rb8 $132 {0-1 Forster,M-Relange,E/
London 1996/CBM 55 (27)}) 10... d5 11. Qe3 (11. a3 Be7 12. Bd3 Bb7 13. h4 Nd7
14. exd5 cxd5 15. g4 Bxh4 16. Kb1 Be7 17. g5 h5 18. g6 $44 {Murrey-Martin 
Manchester 1981}) 11... Qe7 {It is a new line,another main lines,such as,11...
Bb4,11...Be7 and 11...Qa5 had a big tournament practice.} (11... Qa5 12. Be2 $5
(12. a3 Qc5 $5 {[%cal Yc5e3]} (12... Bb7 13. Be2 O-O-O 14. exd5 cxd5 15. Qa7 $1
Bd6 16. Bxd6 Rxd6 17. Nb5 $1 Rc6 18. Nd4 Rc7 19. Nb3 Qa4 20. Kb1 Nd7 21. Rd4
$36 {1-0 Shchekachev,A-Magerramov,E/Saint-Affrique 1997/EXT 99 (26)}) 13. Qf3
e5 $5 14. Na4 (14. Bxe5 Bg4 15. Qg3 Bxd1 $17) 14... Qd6 15. Qe2 exf4 16. e5 Qd8
17. exf6+ Be6 $17 {0-1 Santo Roman,M-Campos Moreno,J/Loures 1997/EXT 99 (35)})
12... dxe4 $5 (12... Qc5 13. Qg3 d4 14. Na4 Qb4 15. Qb3 $1 Qxb3 16. axb3 Nd7
17. Rxd4 e5 18. Rxd7 Bxd7 19. Bxe5 $16 {1-0 Gershon,A-Groszpeter,A/Paks 1998/
EXT 99 (50)}) 13. Bc4 $5 $146 (13. Nxe4 Nd5 14. Rxd5 cxd5 15. Nd6+ Bxd6 16.
Bxd6 Qd8 17. Ba3 Qc7 18. Rd1 $44 {Gershon,A-Lerner,K Graz 1998}) (13. Kb1 $5) {
[%tqu "En","White is going to capture on-e4 getting big advantage.What can you
offer for black?","","","a5f5","",10]} 13... Qf5 $1 {Good decision.Protecting
pawn e4 black intends Nd5.} 14. g4 $5 (14. Bd6 $5) (14. Bg3 $5) (14. f3 $1 $36)
14... Nxg4 15. Qb6 $44 {1/2-1/2 Nataf,I-Gershon,A/Bermuda 1999/CBM 69/} (15.
Qxe4 $5 Qxe4 16. Nxe4 $44)) (11... Bb4 12. Be2 $5 (12. a3 $5 {both 12.a3 and
12.Be2 give white good position} Be7 (12... Be7 13. Be2 O-O (13... Qa5 14. Qg3
Bxa3 15. exd5 (15. Qxg7 $2 Qxc3 16. Qxh8+ Kd7 17. bxa3 Qa1+ 18. Kd2 Nxe4+ $19)
(15. bxa3 $6 Qxa3+ $40) 15... cxd5 (15... exd5 16. Qxg7 Qxc3 (16... Bxb2+ 17.
Kxb2 Qb4+ 18. Ka2 Qa5+ 19. Kb3) 17. Qxh8+ Ke7 (17... Kd7 18. Bg4+) 18. Bd6+ $3
Kxd6 19. Qf8+ $18) 16. Bc7 $1 Qb4 17. bxa3 Qxa3+ 18. Kd2 Qb4 (18... d4 19. Ke1
$1) 19. Qxg7 $1 Ne4+ 20. Ke1 Qxc3+ 21. Qxc3 Nxc3 22. Be5 $16 {Greenfeld}) (
13... Nd7 14. h4 O-O (14... e5 15. Bxe5 $1 Nxe5 16. exd5 $16) 15. Qg3 Kh8 16.
Bc7 Qe8 17. Rhe1 $14 {Shekachev-Lominashvili,Smolensk 1997}) 14. Qg3 $36 Kh8
15. Bc7 $1 Qd7 16. Be5 Qb7 17. exd5 cxd5 $6 (17... exd5 $14) 18. Rd4 $16 {
Botvinnik Il.-Grinfeld.A ,Rishon Le-Zion 1997}) (12... Ba5 13. Be2 Bb7 (13...
O-O 14. e5 Nd7 (14... Bxc3 15. Qxc3 Ne4 {[%cal Re4f2,Re4c3]} 16. Qe3 f6 17. f3
fxe5 18. Bxe5 $36 {1/2-1/2 Degraeve,J-Apicella,M/Bescanon 1999/CBM 73_07/(45)})
15. Qg3 Bc7 (15... Kh8 16. Qh3 $40) (15... Bxc3 16. Qxc3 $16) 16. Kb1 $1 Bb8
17. Rhe1 f5 18. Bh5 $16 {Greenfed.A}) (13... Qe7 14. Qg3 Bb7 15. Bd6 $36 {
1/2-1/2 Schults,O-Piarnpuu,L/Tallinn 1999/EXT 2001 (92)}) 14. Qg3 Bxc3 15. Qxc3
Nxe4 16. Qxg7 Qf6 17. Qxf6 Nxf6 18. Rd3 $16 Ne4 19. Rf1 $1 {Greenfeld.
A-Vydeslaver.A Israel 1998})) 12... Bxc3 $6 (12... Qa5 $5) (12... O-O) (12...
Qa5 $5) (12... O-O 13. e5 Nh7 14. h4 Be7 15. Rh3 Kh8 16. g4 $13 {0-1 Sutovskij,
E-Wang Zili/Shenyang 1999/CBM 73_07 (50)}) 13. Qxc3 Nxe4 14. Qxg7 Qf6 15. Qxf6
Nxf6 $16 16. Be5 $5 (16. Rd3 $5) 16... Ke7 17. g4 $16 {1-0 Sutovskij,E-Gershon,
A/New York 1998/CBM 64}) (11... Be7 12. Be2 (12. h4 {see comments to the game
0-1 Markgraf,A-Motwani,P/ CBM 76 2000/CBM 74 ext (39)}) (12. h4 {This novelty
is a little bit strange, because after} Qa5 13. Be2 {and 12.h4 only lead the
game to 12.Be2 Qa5 13.h4 variation - change moves order and novelty on 13 move.
} Qc5 {This position look better for White.For example} (13... O-O 14. e5 Nd7
15. Bxh6 gxh6 16. Qxh6 Nxe5 17. Rh3 $16) (13... Nxe4 14. Nxe4 dxe4 15. Qxe4 $16
) (13... Bb4 14. Be5 $14) 14. Qg3 d4 $8 15. Na4 $8 (15. e5 dxc3 16. exf6 Bxf6
$17) 15... Qb4 $8 16. b3 $2 $132 {0-1 Groszpeter,A-Wang Rui/Perenyi Mem Gyula
2000/[Gofshtein] (39)} ({Interesting and strong was} 16. Qb3 $5)) 12... Bb7 (
12... O-O 13. Qg3 (13. h4 Ne8 (13... Bb4 14. e5 Bxc3 15. Qxc3 Ne4 16. Qe3 f6
17. f3 fxe5 18. Bxe5 $16 {1-0 Gofshtein,L-Khasin,A/Rishon Le Zion 1997/CBM 62
ext (34)}) (13... Re8 14. Qg3 Kh8 15. Bc7 Qd7 16. Be5 $36 {0-1 Fressinet,
L-Bacrot,E/Vichy 2000/CBM 79_02/(44)}) 14. Kb1 Nd6 15. Bd3 Re8 16. Qg3 Kh8 17.
Be5 Bf8 18. Rhe1 a5 19. exd5 cxd5 20. Nxd5 $36 {1-0 Shchekachev,A-Lopushnoy,D/
Tomsk 1998/CBM 67 noVC (20)}) 13... Kh8 14. h4 (14. Bc7 Qd7 (14... Qe8 15. Bf3
$14) 15. Be5 Qb7 (15... Bb7 16. f4 $14) 16. exd5 cxd5 17. Rd4 Ne8 18. Bd3 Bd7
19. Re1 Bf6 $132 {Nisipeanu,Liviu Dieter-Ivanchuk,Vassily/FIDE-Wch k.o. (4) ;
CBM 72 1999/1/2-1/2 (55)}) 14... a5 $13 {1/2-1/2 Kolev,A-Kramnik,V/
Villarrobledo 1998/EXT 99 (61)} (14... a5 15. Bc7 Qe8 16. Rhe1 Ba6 17. Bf3 $14)
) (12... Qa5 13. Qg3 (13. h4 $5 {Like in this game - to prevent g7-g5.}) 13...
g5 (13... dxe4 14. Qxg7 Rg8 15. Qxh6 Qf5 16. Bd6 $14 (16. g3 e5 17. Be3 $16))
14. Be5 Rg8 15. Rhe1 $14 {1/2-1/2 Vuckovic,Bojan-Florean,Andrei/Wch U20
Calicut (13) ;CBM 67 ext 1998 (25)}) 13. Qg3 g6 14. Bc7 $1 Qc8 15. Bf3 O-O 16.
Na4 Nd7 17. Kb1 a5 18. c4 $16 {Shekachev-Pochikeev,1997 Smolensk}) ({2)} 11...
Qa5) (11... Qa5) (11... Bb4) 12. Be2 (12. exd5 cxd5 13. Be2 Qa7 $5 14. Qg3 d4
15. Qd3 Bd7 16. Qxd4 Bc5 17. Qe5 Bxf2 18. Bf3 $36 {1-0 Chandler,M-Bellin,R/
England 2000/CBM 78 ext (50)}) 12... Qa7 13. Qf3 $146 {white's idea is prevent
from eventual d4} (13. Qg3 $5 Bd7 14. Be5 h5 15. Rhe1 Be7 16. h4 Kf8 17. Bf3
Rh6 18. Bd4 Qb8 19. Qg5 $36 {1-0 Ristic,N-Ivanovic,B/Vrnjacka Banja 1999/EXT
2000 (36)}) 13... Be7 14. Qg3 $5 {[%csl Rg7][%cal Yg3g7]} d4 $2 {Black does
not endure pressure of white's pieces,and makes decisive mistake.} (14... Kf8
$5) 15. e5 $1 dxc3 16. Qxg7 $1 Nd5 (16... Rg8 17. exf6 $18) (16... cxb2+ 17.
Kb1 $36) 17. Qxh8+ Kd7 18. Be3 Qb7 19. bxc3 Rb8 20. Rxd5+ $5 (20. Bd3 $5 Qb2+
21. Kd2 Qxc3+ 22. Ke2) 20... cxd5 21. Rd1 $5 (21. Kd2 d4 22. Bxd4 Bg5+ 23. Be3
Qd5+ 24. Bd3 Qxg2 25. Rf1) 21... Qc7 (21... Qb2+ 22. Kd2 Qxa2 23. Qxh6 $18) 22.
Kd2 {White has two extra pawns without any compensation.} Rb2 23. Bh5 {[%csl
Rf7][%cal Yh5f7]} Qc4 24. Qh7 {[%csl Rc2,Rf7][%cal Yh7c2,Yh7f7]} Bc5 25. Qxf7+
$18 Kc6 26. Bxc5 Qxc5 27. Qf4 a5 28. Be2 Bd7 (28... Rxa2 29. Rb1 {[%csl Rb5]
[%cal Ye2b5,Yb1b8]}) 29. g4 Rxa2 30. Rb1 Ra3 31. Rb3 Kc7 32. Qd4 Qxd4+ 33. cxd4
Ra1 34. Bb5 a4 35. Rc3+ Kd8 36. Bxd7 Kxd7 37. h4 Rh1 38. h5 Ra1 39. Ke2 Rg1 40.
f3 Ra1 41. f4 Rh1 42. Ra3 Rh2+ 43. Ke1 Rh4 44. Rxa4 Rxg4 45. Ra7+ Ke8 46. Rh7
Rxf4 47. c3 Rf3 48. Kd2 Rh3 49. Rxh6 Kf7 50. Kc2 Rh2+ 51. Kb3 Rh1 52. Rh7+ Kf8
53. Kb4 Rh3 54. Kc5 Rxc3+ 55. Kd6 Rd3 56. Kxe6 Rxd4 57. h6 Kg8 58. Rg7+ Kh8 59.
Kd6 Ra4 60. e6 Ra6+ 61. Ke5 d4 62. e7 Ra8 63. Rf7 Kg8 64. Rf8+ (64. Rf8+ Rxf8
65. h7+) 1-0